Quizzes
Events
Quiz Creation
Community
Videos
Private Events
Remove Ads
Sign In
Join for FREE
Feedback
Dark Mode
Quiz Categories
Sports
Geography
Music
Movies
Television
Just For Fun
Miscellaneous
History
Literature
Language
Science
Gaming
Entertainment
Religion
Holiday
For Kids
Quiz Lab
Recent
Popular Today
Quiz Kudos Today
Editor Picks
Curator Picks
Quizzes by...
Day
Popularity
Type
Ratings
Length
Year
Community
Subscriptions
Recent Discussions
Orange Saloon
Badges
Playlists
Quests
Create
Leaderboards
Showdown
Live 5
Trivia Bingo
Activity
Puzzle Library
Sporcle Events
Private Events
Virtual Trivia
Globe League
Become a Host
Pub Owners
SporcleCon
Opinionation
Our Games
Videos
Blog
Mobile Apps
Partnerships
Remove Ads and Go Orange
Feedback
Sports
Athletes
MLB
NBA
NHL
NFL
Soccer
Sports Teams
WWE
NCAA
Football
Premier League
Basketball
Baseball
Hockey
Golf
Tennis
Cricket
Rugby
Auto Racing
Olympics
World Cup
Sports
Athletes
MLB
NBA
NHL
NFL
Soccer
Sports Teams
WWE
NCAA
Football
Premier League
Basketball
Baseball
Hockey
Golf
Tennis
Cricket
Rugby
Auto Racing
Olympics
World Cup
Random Quiz
Search Sporcle
×
Quiz Lab
Quiz Lab
Sports
WWE
Type in answers that appear in a list
Type in answers that appear in a list
Classic
Best Score? Go Orange.
WWF The Main Event Cards Stats
Can you name the WWF The Main Event Cards?
By
Alro
10m
36 Questions
520 Plays
520 Plays
520 Plays
Comments
Comments
Give Quiz Kudos
Give Quiz Kudos
-
- Ratings
hide this ad
Replay
Link that replays current quiz
Next Quiz
Link to next quiz in quiz playlist
You Got
0%
They Got
Avg Score
86%
Avg Friend Score
Upgrade to see
Score Distribution
Jump to the score distribution portion of the page
Score
0/36
Timer
10:00
0
Plays Today
Date
Wrestler
% Correct
The Main Event I -
February 5, 1988
Hulk Hogan
99%
The Main Event II -
February 3, 1989
Hulk Hogan
99%
The Main Event III -
February 23, 1990
Hulk Hogan
99%
The Main Event V -
February 1, 1991
Hulk Hogan
99%
The Main Event I -
February 5, 1988
Randy Savage
98.7%
The Main Event II -
February 3, 1989
Randy Savage
98.7%
The Main Event III -
February 23, 1990
Randy Savage
98.7%
The Main Event III -
February 23, 1990
The Ultimate Warrior
97.1%
The Main Event IV -
November 23, 1990
The Ultimate Warrior
97.1%
The Main Event I -
February 5, 1988
Bret Hart
96.7%
The Main Event I -
February 5, 1988
Jim Neidhart
94.2%
The Main Event I -
February 5, 1988
Andre the Giant
92.9%
The Main Event IV -
November 23, 1990
Sgt. Slaughter
91.5%
The Main Event V -
February 1, 1991
Sgt. Slaughter
91.5%
The Main Event I -
February 5, 1988
Honky Tonk Man
89%
The Main Event IV -
November 23, 1990
Ted DiBiase
89%
The Main Event II -
February 3, 1989
Ted DiBiase
89%
The Main Event I -
February 5, 1988
Rick Martel
88.7%
Date
Wrestler
% Correct
The Main Event I -
February 5, 1988
Tito Santana
88.7%
The Main Event IV -
November 23, 1990
Rick Martel
88.7%
The Main Event IV -
November 23, 1990
Tito Santana
88.7%
The Main Event II -
February 3, 1989
Big Boss Man
88.1%
The Main Event IV -
November 23, 1990
Big Boss Man
88.1%
The Main Event V -
February 1, 1991
Earthquake
86%
The Main Event II -
February 3, 1989
Akeem
84%
The Main Event V -
February 1, 1991
Jim Duggan
81.9%
The Main Event IV -
November 23, 1990
Mr. Perfect
81.2%
The Main Event III -
February 23, 1990
Dino Bravo
80%
The Main Event V -
February 1, 1991
Dino Bravo
80%
The Main Event V -
February 1, 1991
Animal
78.7%
The Main Event V -
February 1, 1991
Hawk
78.7%
The Main Event V -
February 1, 1991
Tugboat
73.5%
The Main Event II -
February 3, 1989
Hercules
70.2%
The Main Event IV -
November 23, 1990
Nikolai Volkoff
66.7%
The Main Event V -
February 1, 1991
Tanaka
54%
The Main Event V -
February 1, 1991
Kato
53.3%
Quiz Playlist
Details
Report
Send in Message
Add To Playlist
Classic:
Type in answers that appear in a list
Quiz Source
Last Updated: Feb 16, 2017
Quiz Scoreboard
CHALLENGE
Sign Up to Join the Scoreboard
Show All
Scores
Hide
Comments
May contain spoilers
Recently Published
Decade Duel: World Leaders
by jenniferyan
History
4m
Alphabetical 'K' Countries by Flag Minefield
by ylime102
Geography
3m
Pick 6: Fruits
by JohnFran
Miscellaneous
15s
More to Explore
Quiz From the Vault
Featured Blog Post
15 Basketball Trivia Facts You Can Be March Mad About
hide this ad
You Might Also Like...
Tags
WWE Quiz
Main Event
WWF
Today's Top Quizzes in Sports
Browse Sports
hide this ad
Today's Top Quizzes in WWE
Browse WWE
Top Contributed Quizzes in Sports
1
Les joueurs à 100 buts en Ligue 1 Uber Eats
2
2022 World Cup Stars
3
Pick 6: NFL Teams
4
MLB 2 truths and a lie: Hall of Fame pitchers
5
Pick 6: Minor League Baseball
6
Millionaire: NBA Finals Edition
7
Pick 6: Olympics
8
Click the 1998 NBA Draft
9
Criteria MLB: Left Handed Sluggers
10
NBA Logic Puzzle 2.0
Explore More
Trending Topics
Harry Potter
Anime
Marvel
Kpop
Crossword
NBA
Disney
Pokémon
NFL
WWE
Song
Soccer
Puzzle
The Office
Country
hide this ad
More By:
Alro
Quiz
Plays
Rating
Category
Featured
Created
Ultimate Warrior's WWF PPV Opponents
38,421
4.24
Sports
Dec 18, 2009
WWF/WWE PPV Opponents of Randy Savage
33,901
3.62
Sports
Jan 28, 2010
Ric Flair's NWA/WCW PPV Opponents
9,113
4.14
Sports
Nov 19, 2009
Sting's NWA/WCW PPV Opponents
9,066
3.32
Sports
Nov 23, 2009
WWF Hasbro Wrestling Figures
7,422
4.00
Entertainment
Feb 1, 2010
Go to Creator's Profile
Score Distribution
Quiz Creator Spotlight
Alro
Follow
Send a Message
Quizzes Created
-
Created Quiz Play Count
-
More By This Creator
Popular Quizzes Today
1
Countries of Asia Without Outlines Minefield
2
Find the US States - No Outlines Minefield
3
Pick 6: Fruits
4
The Countries of the World
5
Alphabetical 'K' Countries by Flag Minefield
6
Find the Countries of Europe - No Outlines Minefield
7
US States
8
Find the US States
More Sports Quizzes
MLB Players You Forgot About
Curator's Pick
Trending Quizzes
Pick 6: Mountains
Pick 6: Harry Potter
Pick 6: Flags
Pick 6: NFL Teams
Pick 6: Movie Franchises
Recently Updated
Adaptations: Name the Title
pecheneg
NWSL Teams
pecheneg
Women's Final Four Teams by Year
bhenderson79
Presidents Quartet II
eogle
Anything But Clue(do)
eogle
Anything But Oceanian Capitals
eogle
Anything But 7
eogle
Anything But Thing
eogle
Word Ladder: February 29
pecheneg
Song Title Questions
pecheneg
Trending Topics
Crossword
Anime
Harry Potter
Disney
Kpop
NBA
Marvel
Pokémon
Soccer
WWE
NFL
Country
Song
Puzzle
The Office
Your Account Isn't Verified!
In order to create a playlist on Sporcle, you need to verify the email address you used during registration. Go to your
Sporcle Settings
to finish the process.
Report this User
Report this user for behavior that violates our
Community Guidelines
.
Details:
Send Report
Go to the Sporcle.com Mobile Site →
Comments